000 01178cam a22003377a 4500
001 643
005 20230628084544.0
008 080903s2008 nyua j 000 1 eng d
020 _a9780545042567
020 _a0545042569
040 _aBTCTA
_cBTCTA
_dBAKER
_dXY4
_dJQ8
_dL@L
_dDPL
_dDLC
_dFISKH
_beng
050 0 0 _aPZ7.W72433
_bIm 2008
082 0 0 _a[Fic]
_222
082 0 4 _a813/.54
_222
100 1 _aWindham, Ryder.
245 1 0 _aIndiana Jones and the last crusade /
_cRyder Windham.
260 _aNew York :
_bLucas Books/Scholastic,
_cc008.
300 _a233 p., [8] p. of plates :
_bcolor illustrations ;
_c20 cm.
500 _a"Based on the story by George Lucas and Menno Meyjes and the screenplay by Jeffrey Boam."
505 _aM
520 _aIndiana Jones tries to save his father from the Nazis as they all search for the Holy Grail.
521 _a760
_bLexile
521 _aM
_bRaz-Plus
650 0 _aJones, Indiana (Fictitious character)
_vFiction.
650 0 _aGrail
_vFiction.
700 1 _aLucas, George,
_d1944-
700 1 _aMeyjes, Menno.
700 1 _aBoam, Jeffrey.
906 _a7
_bcbc
_ccopycat
_d2
_encip
_f20
_gy-gencatlg
942 _2ddc
_cBK
_n0
999 _c643
_d643